[Event "CSR-ch"]
[Site "Rimavska Sobota"]
[Date "1974.??.??"]
[Round "14"]
[White "Prandstetter, Eduard"]
[Black "Jansa, Vlastimil"]
[Result "1/2-1/2"]
[WhiteElo "2355"]
[BlackElo "2535"]

1.e4 c5 2.Nf3 e6 3.d4 cxd4 4.Nxd4 Nc6 5.Nb5 d6 6.c4 Nf6 7.N1c3 a6 8.Na3 Be7
9.Be2 O-O 10.O-O b6 11.Be3 Bb7 12.f4 d5 13.cxd5 exd5 14.exd5 Nb4 15.d6 Bxd6
16.Nc4 Bc5 17.Bxc5 bxc5 18.a3 Nbd5 19.Bf3 Rb8 20.Nxd5 Bxd5 21.Bxd5 Nxd5 22.Rf2 Nb6
23.Qxd8 Rfxd8 24.Nxb6 Rxb6 25.Rc1 g6 26.Kf1 Kg7 27.Ke1 Rd5 28.Re2 Kf6 29.Rd1 Rf5
30.g3 c4 31.Rc1 Rfb5 32.Rcc2 Rb3 33.Kd1 c3 34.bxc3 Rxa3 35.c4 Rc6 36.Kd2 Re6
37.c5 Rxe2+ 38.Kxe2 Ke7 39.c6 Kd8 40.c7+ Kc8 41.Kf2 Rb3 42.Rc6 Rb2+ 43.Kf3 Rxh2
44.Rxa6 f5 45.Rc6 Rb2 46.Rf6 Rb7 47.g4 Rb3+ 48.Kg2 fxg4 49.Rf8+ Kxc7 50.Rf7+ Kd6
51.Rxh7 Ke6 52.Rg7 Kf6 53.Rg8 Rf3 54.Rf8+ Kg7 55.Ra8 Rxf4 56.Kg3 Re4 57.Ra6 Kh6
58.Kh4  1/2-1/2

[Event "Stary Smokovec"]
[Site "Stary Smokovec"]
[Date "1974.??.??"]
[Round "2"]
[White "Plachetka, Jan"]
[Black "Liebert, Heinz"]
[Result "1/2-1/2"]
[WhiteElo "2405"]
[BlackElo "2445"]

1.e4 c5 2.Nf3 Nc6 3.d4 cxd4 4.Nxd4 e6 5.Nb5 d6 6.c4 Nf6 7.N1c3 a6 8.Na3 Be7
9.Be2 O-O 10.O-O b6 11.Be3 Bb7 12.Rc1 Ne5 13.Qd4 Ned7 14.Rfd1 Rc8 15.Nc2 Qc7
16.f3 Rfe8 17.Qd2 d5 18.cxd5 exd5 19.exd5 Bd6 20.h3 b5 21.Bd3 Nb6 22.Nd4 Rxe3
23.Qxe3 Bf4 24.Qf2 Bxc1 25.Rxc1 Nbxd5 26.Nce2 Qb6 27.Rxc8+ Bxc8  1/2-1/2

[Event "Vejle op"]
[Site "Vejle"]
[Date "1974.??.??"]
[Round "4"]
[White "Nielsen, Hartvig"]
[Black "Kolbak, Jens"]
[Result "0-1"]
[WhiteElo "2200"]
[BlackElo "2200"]

1.e4 c5 2.Nf3 e6 3.d4 cxd4 4.Nxd4 Nc6 5.Nb5 d6 6.N1c3 a6 7.Nd4 Nf6 8.Be3 Bd7
9.a4 Nxd4 10.Bxd4 Bc6 11.Bd3 e5 12.Be3 d5 13.Bg5 Bb4 14.exd5 Qxd5 15.f3 Bxc3+
16.bxc3 Qc5 17.Qd2 Rd8 18.Be3 Qe7 19.O-O Nd5 20.Bf2 O-O 21.Rfe1 Qf6 22.a5 Rfe8
23.Bg3 h6 24.c4 Nf4 25.Bxf4 exf4 26.Rxe8+ Rxe8 27.Re1 Re3 28.Rxe3 fxe3 29.Qxe3 Qa1+
30.Kf2 Qxa5 31.Ke2 Qc7 32.g3 Qd6 33.c3 Qf6 34.f4 Kf8 35.Qd4 Qe7+ 36.Kd2 h5
37.c5 Kg8 38.Qd6 Qe8 39.Qe5 Qxe5 40.fxe5 Kf8 41.Kc2 Bd5 42.c4 Bc6 43.Bf5 Ke7
44.Kc3 a5 45.Kb3 g6 46.Bh3 f5 47.exf6+ Kxf6 48.Bf1 Ke5 49.Kc3 g5 50.h4 gxh4
51.gxh4 Kf4 52.Be2 Be8 53.Kb3 Kg3 54.c6 bxc6 55.Ka4 Kxh4 56.Bf3 Kg3 57.Bh1 h4
58.c5 h3 59.Kxa5 h2 60.Kb6 Kf2 61.Kc7 Kg1  0-1

[Event "BCF-ch"]
[Site "Morecambe"]
[Date "1975.08.14"]
[Round "10"]
[White "Littlewood, John Eric"]
[Black "Perkins, Alan H"]
[Result "1/2-1/2"]
[WhiteElo "2340"]
[BlackElo "2300"]

1.e4 c5 2.Nf3 e6 3.d4 cxd4 4.Nxd4 Nc6 5.Nb5 d6 6.c4 Nf6 7.N1c3 a6 8.Na3 Be7
9.Be2 O-O 10.O-O b6 11.Be3 Bb7 12.Qe1 Rb8 13.Rd1 Qc7 14.f3 Rfd8 15.Qg3 Kh8
16.Rc1 Ne5 17.Qf2 Ba8 18.Rfd1 h6 19.h3 g5 20.Na4 Nfd7 21.b4 Kh7 22.Nc3 Rf8
23.Rf1 Ng6 24.Nc2 Bf6 25.Nd4 Be5 26.g3 Rbe8 27.Kh2 Nf6 28.Bd3 Nh5 29.Nde2 f5
30.exf5 exf5 31.Nd5 Qf7 32.f4 gxf4 33.gxf4 Bg7 34.Nec3 b5 35.Rg1 Bxc3 36.Rxc3 Bxd5
37.cxd5 Qxd5 38.Rc7+ Rf7 39.Rxf7+ Qxf7 40.Rg2 Qe6 41.Bd2 d5 42.Bc3 Re7 43.Qc5 Nhxf4
44.Bxf5 Qxf5 45.Qxe7+ Nxe7 46.Rg7+ Kh8 47.Rg1+  1/2-1/2

[Event "CSR-ch"]
[Site "Brno"]
[Date "1975.??.??"]
[Round "1"]
[White "Jansa, Vlastimil"]
[Black "Schmidt, Wlodzimierz"]
[Result "1-0"]
[WhiteElo "2540"]
[BlackElo "2465"]

1.e4 c5 2.Nf3 e6 3.d4 cxd4 4.Nxd4 Nc6 5.Nb5 d6 6.c4 Nf6 7.N1c3 a6 8.Na3 Be7
9.Be2 O-O 10.O-O Rb8 11.Be3 Qa5 12.Qe1 Rd8 13.Rd1 Bd7 14.f4 Be8 15.g4 Nd7
16.g5 f6 17.h4 Bf7 18.Kh1 Nc5 19.Qg3 Kh8 20.Rd2 b5 21.cxb5 axb5 22.Naxb5 d5
23.exd5 exd5 24.Rfd1 Ne4 25.Nxe4 dxe4 26.Rxd8+ Rxd8 27.Rxd8+ Qxd8 28.a3 Na5
29.Nd4 Bc4 30.Qe1 Qd5 31.Qc3 Qd7 32.Kh2 Bxe2 33.Qxa5 Bd8 34.Qa8 Bf1 35.Ne6 Qxe6
36.Qxd8+ Qg8 37.Qe7 Qb3 38.Qe8+ Qg8 39.Qxe4 Qc8 40.Kg1 Ba6 41.Kf2 Bb7 42.Qd4 fxg5
43.fxg5 Kg8 44.Ke2 Qc6 45.Kd2 h6 46.gxh6 gxh6 47.Qg4+ Kf7 48.Qh5+ Kg7 49.Qe5+ Kf7
50.Qh5+ Kg7 51.Bd4+ Kg8 52.b3 Qe4 53.Qe5 Qxe5 54.Bxe5 Kf7 55.Kc3 Ke6 56.Bf4 h5
57.Kd4 Bf3 58.b4 Bd1 59.b5 Kd7 60.Kc5 Kc8 61.Kb4 Kb7 62.a4  1-0

[Event "Club Argentino"]
[Site "Buenos Aires"]
[Date "1975.??.??"]
[Round "11"]
[White "Grinberg, Ricardo"]
[Black "Sanguineti, Raul"]
[Result "1-0"]
[WhiteElo "2460"]
[BlackElo "2530"]

1.e4 c5 2.Nf3 e6 3.d4 cxd4 4.Nxd4 Nc6 5.Nb5 d6 6.c4 Nf6 7.N1c3 a6 8.Na3 Be7
9.Be2 O-O 10.O-O b6 11.Be3 Bb7 12.Rc1 Rb8 13.Qd2 Ne5 14.f3 Re8 15.Rfd1 Bf8
16.Kh1 Bc6 17.Bd4 Ned7 18.Nc2 Qc7 19.b4 Ba8 20.a3 Rbc8 21.Na1 Qb8 22.Nb3 Rc7
23.Bf1 Ne5 24.c5 bxc5 25.Nxc5 Rxc5 26.bxc5 dxc5 27.Be3 c4 28.a4 Rc8 29.Rb1 Qc7
30.Bb6 Qc6 31.a5 h6 32.Qc2 Qe8 33.Rd2 Nfd7 34.Qd1 Be7 35.f4 Nd3 36.Bxd3 cxd3
37.Rxd3 Nf6 38.e5 Ne4 39.Rc1 Ba3 40.Rc2 Qc6 41.Nxe4 Qxc2 42.Rd8+ Kh7 43.Qxc2 Rxc2
44.Rxa8 Rc4 45.Ng3 Rc1+ 46.Bg1 Bc5 47.Ne2 Re1 48.g3 Bb4 49.Nd4  1-0

[Event "URS-ch otbor"]
[Site "Cheliabinsk"]
[Date "1975.??.??"]
[Round "?"]
[White "Tseitlin, Mikhail S"]
[Black "Osnos, Viatcheslav"]
[Result "0-1"]
[WhiteElo "2200"]
[BlackElo "2490"]

1.e4 c5 2.Nf3 Nc6 3.d4 cxd4 4.Nxd4 e6 5.Nb5 d6 6.Bf4 e5 7.Be3 a6 8.N5c3 Nf6
9.Bg5 Be7 10.Bxf6 Bxf6 11.Bc4 O-O 12.O-O Kh8 13.Nd2 Bg5 14.Re1 Be6 15.Bd5 Rc8
16.Nf1 Nd4 17.Ne3 b5 18.a3 a5 19.Qd3 b4 20.axb4 axb4 21.Bxe6 fxe6 22.Ncd1 Qc7
23.Ra6 Rfd8 24.c3 bxc3 25.Nxc3 Qb7 26.Ned1 Nc2 27.Qxc2 Qxa6 28.g3 Rf8 29.Kg2 Rb8
30.h4 Bd8 31.Re3 Bb6 32.Rd3 Bd4 33.Rd2 h6 34.Ne2 Qb6 35.Nxd4 exd4 36.f4 e5
37.f5 Qb7 38.g4 h5 39.Rf2 hxg4 40.Qe2 d5 41.Qxg4 dxe4 42.Kh2 e3 43.Rg2 Rf6
44.b4 Rbf8 45.Nb2 Rxf5 46.Nd3 e4 47.Nc5 Qc7+ 48.Kh1 Rf1+ 49.Rg1 Rxg1+ 50.Kxg1 Qf4
51.Qh5+  0-1

[Event "DSV-Turnier"]
[Site "Leipzig"]
[Date "1975.??.??"]
[Round "3"]
[White "Boensch, Uwe"]
[Black "Hernandez, Roman"]
[Result "1-0"]
[WhiteElo "2365"]
[BlackElo "2395"]

1.e4 c5 2.Nf3 Nc6 3.d4 cxd4 4.Nxd4 e6 5.Nb5 d6 6.c4 Nf6 7.N1c3 a6 8.Nd4 Be7
9.Be2 O-O 10.O-O Nxd4 11.Qxd4 Bd7 12.Be3 Bc6 13.b4 e5 14.Qd3 b5 15.f3 Nh5
16.Rfd1 Nf4 17.Bxf4 exf4 18.cxb5 Qb6+ 19.Kh1 axb5 20.Nd5 Bxd5 21.Qxd5 Bf6
22.Rac1 Rfb8 23.Rc2 h6 24.h3 Ra4 25.Rdc1 Rxb4 26.Rc7 Rf8 27.e5 Bxe5 28.Rxf7 Qe3
29.Rf6+  1-0

[Event "Lone Pine"]
[Site "Lone Pine"]
[Date "1975.??.??"]
[Round "2"]
[White "Tisdall, Jonathan D"]
[Black "Damjanovic, Mato"]
[Result "0-1"]
[WhiteElo "2200"]
[BlackElo "2455"]

1.e4 c5 2.Nf3 e6 3.d4 cxd4 4.Nxd4 Nc6 5.Nb5 d6 6.c4 Nf6 7.N1c3 a6 8.Na3 Be7
9.Be2 O-O 10.O-O b6 11.Be3 Rb8 12.f3 Bb7 13.Qd2 Re8 14.Rfd1 Ne5 15.Rac1 Rc8
16.Bf1 Ned7 17.Qf2 d5 18.cxd5 exd5 19.Nxd5 Nxd5 20.Rxc8 Qxc8 21.exd5 b5 22.d6 Bf6
23.Rc1 Qd8 24.Bd4 Ne5 25.Rc7 Qxd6 26.Bb6 Bd5 27.Ra7 Bc4 28.Nxc4 Nxc4 29.Bxc4 bxc4
30.Rxa6 h5 31.h4 Be5  0-1

[Event "Mexico"]
[Site "Mexico"]
[Date "1975.??.??"]
[Round "5"]
[White "Silman, Jeremy D"]
[Black "Fernandez, Juan"]
[Result "1/2-1/2"]
[WhiteElo "2330"]
[BlackElo "2415"]

1.e4 c5 2.Nf3 e6 3.d4 cxd4 4.Nxd4 Nc6 5.Nb5 d6 6.c4 Nf6 7.N1c3 a6 8.Na3 Be7
9.Be2 O-O 10.O-O Bd7 11.Be3 Qa5 12.Qd2 Rfd8 13.Rfd1 Be8 14.f3 Nd7 15.Nc2 Rac8
16.Rac1 Nce5 17.Nd5 Qxd2 18.Nxe7+ Kf8 19.Rxd2 Kxe7 20.b3 Nc5 21.Nd4 Nc6 22.Nxc6+ Rxc6
23.Rcd1 Rdc8  1/2-1/2

[Event "Quito"]
[Site "Quito"]
[Date "1975.??.??"]
[Round "7"]
[White "Verduga, Denis Homero"]
[Black "Rodriguez Gonzales, Jesus"]
[Result "1/2-1/2"]
[WhiteElo "2250"]
[BlackElo "2390"]

1.e4 c5 2.Nf3 e6 3.d4 cxd4 4.Nxd4 Nc6 5.Nb5 d6 6.c4 Nf6 7.N5c3 Be7 8.Be2 O-O
9.O-O a6 10.Bf4 b6 11.Nd2 Bb7 12.Re1 Rb8 13.Rc1  1/2-1/2

[Event "URS-chT"]
[Site "Riga"]
[Date "1975.??.??"]
[Round "?"]
[White "Litvinov, V."]
[Black "Chukaev, Egor"]
[Result "1-0"]
[WhiteElo "2470"]
[BlackElo "2200"]

1.e4 c5 2.Nf3 Nc6 3.d4 cxd4 4.Nxd4 e6 5.Nb5 Nf6 6.Bf4 e5 7.Bg5 d6 8.Bxf6 gxf6
9.Bc4 Be6 10.Nd2 Qa5 11.Bxe6 fxe6 12.Qh5+ Ke7 13.Nc3 Nd4 14.O-O Rc8 15.Nb3 Qb6
16.Rfd1 Rc4 17.Nxd4 Rxd4 18.Rab1 Qc6 19.Rd3 Rxd3 20.cxd3 Qb6 21.g3 Kd7 22.Qd1 Bh6
23.Qh5 Bf8 24.Rc1 Be7 25.Nd1 Qa6 26.Rc3 Qxa2 27.Ra3 Qb1 28.Rxa7 Rb8 29.Qe2 Qc1
30.Kg2 Qc5 31.Ra4 d5 32.Ne3 Qb5 33.Ra1 dxe4 34.Rd1 Kc7 35.Qg4 Qc6 36.dxe4 f5
37.Qg7 Re8 38.Qxe5+ Bd6 39.Qa5+ Kc8 40.Rd4 b5 41.Kg1 Bc5 42.Rd1 Bxe3 43.fxe3 fxe4
44.Qd2 Kb8 45.Qd4 Rc8 46.Kg2 Rc7 47.Rd2 Kb7 48.Qe5 Rd7 49.Rxd7+ Qxd7 50.Qxe4+ Ka6
51.b4 h6 52.Qd4 Qc6+ 53.Kh3 Qe8 54.Qd6+ Kb7 55.Qc5 Ka6 56.g4 Kb7 57.Qd6 Qc8
58.Kh4 Qe8 59.Kg3 Qg6 60.Qc5 Qe8 61.Qe5 Qd7 62.Kh3 Ka6 63.Qd4 Qe7 64.Kg3 e5
65.Qe4 Ka7 66.h3 Kb8 67.Kf3 Kc7 68.Ke2 Qd6 69.Qc2+ Kb6 70.Qd2 Qe6 71.Kf3 Qc6+
72.Kg3 Kc7 73.Qd3 Kb6 74.Qd8+ Ka6 75.Qe7 Qe4 76.Qf6+ Ka7 77.Qg7+ Kb8 78.Qxh6 Qxb4
79.Qb6+ Kc8 80.Qe6+ Kb7 81.Qxe5 Qb1 82.g5 b4 83.Qe7+ Kc6 84.Qe6+ Kc5 85.g6 b3
86.Qe5+ Kc6 87.Qf6+ Kc5 88.Qg5+ Kd6 89.g7 b2 90.g8=Q Qg1+ 91.Kh4 Qxg5+ 92.Kxg5 b1=Q
93.Qg6+  1-0

[Event "URS-chT"]
[Site "Riga"]
[Date "1975.??.??"]
[Round "?"]
[White "Valiev, Neron"]
[Black "Loginov, Valery A"]
[Result "1/2-1/2"]
[WhiteElo "2200"]
[BlackElo "2200"]

1.e4 c5 2.Nf3 e6 3.d4 cxd4 4.Nxd4 Nc6 5.Nb5 d6 6.c4 Nf6 7.N1c3 a6 8.Na3 Be7
9.Be2 O-O 10.O-O Rb8 11.Be3 Qa5 12.Qd2 Bd7 13.Rfd1 Rfc8 14.f3 Be8 15.Rac1 Nd7
16.Bf1 Nc5 17.Kh1 Rd8 18.Qf2 Nb4 19.Nc2 Nxc2 20.Rxc2 b5 21.b3 Rdc8 22.Bf4 bxc4
23.Bxc4 Rd8 24.Qg3 Rb6 25.Bd2 Rb4 26.Ne2 Qb6 27.Bxb4 Qxb4 28.Rcd2 Qb6 29.Nf4 a5
30.Nd3 Nd7 31.Nf4 Nf6 32.Qf2 Qc7 33.Bxe6 fxe6 34.Nxe6 Qb7 35.Nxd8 Bxd8 36.Rxd6 Bc7
37.R6d2 Qb8 38.Qh4 h6 39.Qh3 Kh7 40.Qf5+ Bg6 41.Qh3 Qb5 42.Rc2 Bb8 43.Rc4 Ne8
44.Rcd4 Nf6 45.Rd8 Bc7 46.R8d4 Bb8 47.Rc4 Ne8 48.Rd5 Qb6 49.Rc1 Nf6 50.Rdc5 Bf4
51.Rc6 Qb5 52.R6c5 Qd3 53.R5c3 Qd4 54.Rc4 Qd3 55.Qc8 Qd6 56.Qc7 Qd2 57.R4c2 Qe3
58.Qc5 Qd3 59.Qc4 Qd8 60.Rf1 Nh5 61.g4 Nf6 62.Qe2 h5 63.h3 Nd7 64.Kg2 Qh4
65.Qf2 Qg5 66.Re1 Be5 67.Qd2 Qh4 68.Qf2 Qg5 69.Qd2 Qh4 70.Qf2 Qg5 71.Kf1 Qf4
72.Qg2 Bb8 73.Kg1 Ne5 74.Rf1  1/2-1/2

[Event "Capablanca mem-B 13th"]
[Site "Cienfuegos"]
[Date "1976.05.31"]
[Round "15"]
[White "Pineda, Boris"]
[Black "Rodriguez Cordoba, Jesus R"]
[Result "1/2-1/2"]
[WhiteElo "2200"]
[BlackElo "2385"]

1.e4 c5 2.Nf3 e6 3.d4 cxd4 4.Nxd4 Nc6 5.Nb5 d6 6.c4 Nf6 7.N1c3 a6 8.Na3 Be7
9.Be2 O-O 10.O-O b6 11.Be3 Bb7 12.Rc1 Rb8 13.Qd2  1/2-1/2

[Event "Capablanca mem-C 13th"]
[Site "Cienfuegos"]
[Date "1976.05.31"]
[Round "15"]
[White "Triana, Justo"]
[Black "Fernandez, Ciro A"]
[Result "1/2-1/2"]
[WhiteElo "2330"]
[BlackElo "2360"]

1.e4 c5 2.Nf3 e6 3.d4 cxd4 4.Nxd4 Nc6 5.Nb5 d6 6.c4 Nf6 7.N5c3 Be7 8.Be2 O-O
9.O-O b6 10.Bf4 Bb7 11.Nd2 a6 12.a3 Rc8 13.Re1 Nd7 14.Rc1 Nd4 15.Bf1 Re8
16.Be3 Bf6 17.Ndb1 e5 18.b4  1/2-1/2

[Event "Amsterdam"]
[Site "Amsterdam"]
[Date "1976.??.??"]
[Round "6"]
[White "Karpov, Anatoly"]
[Black "Olafsson, Fridrik"]
[Result "1-0"]
[WhiteElo "2695"]
[BlackElo "2550"]

1.e4 c5 2.Nf3 e6 3.d4 cxd4 4.Nxd4 Nc6 5.Nb5 d6 6.c4 Nf6 7.N1c3 a6 8.Na3 Be7
9.Be2 O-O 10.O-O b6 11.Be3 Bb7 12.Qb3 Nd7 13.Rfd1 Nc5 14.Qc2 Bf6 15.Rac1 Be5
16.Nab1 Qh4 17.g3 Qf6 18.f4 Bd4 19.Qd2 e5 20.Nd5 Qd8 21.Nbc3 Kh8 22.f5 Nd7
23.Bf3 Bc5 24.Kg2 f6 25.Ne2 a5 26.Ndc3 Rf7 27.Nb5 Qb8 28.Nxd6 Re7 29.Nb5 Bxe3
30.Qxe3 Nc5 31.Nec3 Ba6 32.Rd3 Bxb5 33.Nxb5 Rd7 34.Rxd7 Nxd7 35.Rd1 Nc5 36.Qd2 Qf8
37.Qd6 Qxd6 38.Rxd6 Rc8 39.g4 Kg8 40.h4 Kf8 41.g5 Ke7 42.Kg3 a4 43.Rd2 Na5
44.Na3 Nc6 45.Nc2 Rd8 46.Rxd8 Kxd8 47.gxf6 gxf6 48.Ne3 Nb4 49.a3 Nbd3 50.Kg4 Ke7
51.Kh5 Kf7 52.Kh6 Kg8 53.Nd5 Nd7 54.Bh5 Nxb2 55.Be8 Nc5 56.Nxf6+ Kf8 57.Bb5 Nbd3
58.Bc6  1-0

[Event "Beersheba"]
[Site "Beersheba"]
[Date "1976.??.??"]
[Round "1"]
[White "Lederman, Leon"]
[Black "Hartston, William R"]
[Result "1-0"]
[WhiteElo "2420"]
[BlackElo "2445"]

1.e4 c5 2.Nf3 e6 3.d4 cxd4 4.Nxd4 Nc6 5.Nb5 d6 6.c4 Nf6 7.N1c3 a6 8.Na3 Be7
9.Be2 O-O 10.O-O b6 11.Be3 Bd7 12.f4 Ra7 13.g4 Qb8 14.g5 Ne8 15.Nc2 Rb7 16.a4 Nc7
17.b4 Rd8 18.Rb1 Be8 19.Rf2 Bf8 20.Bf1 g6 21.b5 axb5 22.axb5 Ne7 23.Rd2 Bg7
24.Bd4 e5 25.Bxe5 Ne6 26.Bxg7 Kxg7 27.Rf2 Kg8 28.Ne3 Qc7 29.Ncd5 Nxd5 30.Nxd5 Qc5
31.Nf6+ Kg7 32.Qd2 Ra7 33.Rd1 Ra3 34.Qb2 Kf8 35.Rd5 Qe3 36.Ng4 Qc3 37.Qxc3 Rxc3
38.Nf6 Ke7 39.Rdd2 Nc7 40.Ra2 Rc1 41.Ra7 Rc8 42.Nd5+ Kd8 43.Nxb6 Rb8 44.Nd5 Nxd5
45.exd5 Bd7 46.Kg2 Rc3 47.Rf3 Rc1 48.Re3 Rc8 49.Kf2 Rc2+ 50.Kg3 Rb8 51.h4 Rc1
52.Kf2 Rc2+ 53.Kf3 Rh2 54.Kg3 Rh1 55.Rf3 Ke7 56.Bg2 Re1 57.Bh3  1-0

[Event "Dubna"]
[Site "Dubna"]
[Date "1976.??.??"]
[Round "?"]
[White "Suetin, Alexey S"]
[Black "Plachetka, Jan"]
[Result "1-0"]
[WhiteElo "2525"]
[BlackElo "2470"]

1.e4 c5 2.Nf3 e6 3.d4 cxd4 4.Nxd4 Nc6 5.Nb5 d6 6.c4 Nf6 7.N1c3 a6 8.Na3 Be7
9.Be2 O-O 10.O-O b6 11.Be3 Bb7 12.f3 Re8 13.Qb3 Nd7 14.Rad1 Nc5 15.Qc2 Nb4
16.Qd2 d5 17.cxd5 exd5 18.exd5 b5 19.Ne4 Nxe4 20.fxe4 Bd6 21.Bf3 f5 22.exf5 Qf6
23.Bf4 Bc5+ 24.Kh1 Qxf5 25.d6 Bxf3 26.Rxf3 Rad8 27.Bg5 Rxd6 28.Rxf5 Rxd2
29.Bxd2  1-0

[Event "DDR-ch 25th"]
[Site "Groeditz"]
[Date "1976.??.??"]
[Round "1"]
[White "Mueller, Werner"]
[Black "Liebert, Heinz"]
[Result "0-1"]
[WhiteElo "2270"]
[BlackElo "2420"]

1.e4 c5 2.Nf3 Nc6 3.d4 cxd4 4.Nxd4 e6 5.Nb5 d6 6.c4 Nf6 7.N1c3 a6 8.Nd4 Bd7
9.Nxc6 Bxc6 10.Bd3 Be7 11.O-O O-O 12.f4 b5 13.cxb5 axb5 14.Qe2 b4 15.Nd1 d5
16.e5 Ne4 17.Bxe4 dxe4 18.Nf2 Qb6 19.Be3 Qa6 20.Qxa6 Rxa6 21.Rfc1 Rd8 22.a3 bxa3
23.bxa3 f5 24.Rc3 Bd5 25.a4 Rda8 26.g4 fxg4 27.Nxg4 Rxa4 28.Rxa4 Rxa4 29.Rc8+ Kf7
30.Rc7 Rc4 31.Rxc4 Bxc4 32.Bd4 Bb5 33.Kf2 Ba3 34.Ne3 Bd3 35.Kg3 Bc1 36.h4 Bd2
37.Kf2 Kg6 38.Bc5 Bb5 39.Bf8 Ba5 40.h5+ Kxh5 41.Bxg7 Bb6 42.Bf8 Bd3 43.Bd6 Bxe3+
44.Kxe3 Kg4 45.Kf2 h5 46.Bc5 h4 47.Be3 h3 48.Bc1 Be2 49.f5 exf5 50.e6 Bb5
51.Kg1 Kg3 52.e7 e3  0-1

[Event "URS-ch44"]
[Site "Moscow"]
[Date "1976.??.??"]
[Round "?"]
[White "Gulko, Boris F"]
[Black "Karpov, Anatoly"]
[Result "0-1"]
[WhiteElo "2530"]
[BlackElo "2695"]

1.e4 c5 2.Nf3 e6 3.d4 cxd4 4.Nxd4 Nc6 5.Nb5 d6 6.c4 Nf6 7.N5c3 Be7 8.Be2 O-O
9.Bf4 b6 10.O-O Bb7 11.Re1 Rc8 12.Nd2 Ne5 13.Rc1 a6 14.Bg3 Nfd7 15.f4 Ng6
16.Nf3 Bf6 17.Bf1 Nc5 18.e5 dxe5 19.fxe5 Be7 20.b4 Nd7 21.a3 Rc7 22.Ne4 a5
23.Qd2 axb4 24.axb4 Bxe4 25.Rxe4 Nb8 26.Rd4 Qc8 27.Rd6 Rd8 28.Qe3 Rc6 29.Nd4 Rcxd6
30.exd6 Bxd6 31.Bxd6 Rxd6 32.Nb5 Rd7 33.Qxb6 Nc6 34.Qc5 Nge5 35.Ra1 Qb8 36.Ra6 Rd3
37.Qe3 Nxb4 38.Rxe6 Nf3+ 39.Qxf3 fxe6 40.Qe3 Rd1 41.Nc3 Rd8 42.Qxe6+ Kh8
43.Nd5 Rf8 44.Qe3 Nc2 45.Qe7 Nd4 46.Bd3 Nf5 47.Bxf5 Rxf5 48.h3 Re5 49.Qf7 Re1+
50.Kf2 Re4 51.Kf3 Rxc4 52.Nf4 Rc8 53.h4 Qc7 54.Qxc7 Rxc7 55.g4 Kg8 56.g5 Kf7
57.Kg4 Ra7 58.Kf5 Ke7 59.g6 Ra5+ 60.Kg4 hxg6 61.Nxg6+ Kf6 62.Nf8 Ra4+ 63.Kh5 Ra8
64.Nh7+ Kf5 65.Nf8 Ra5 66.Nh7 Ra6  0-1

[Event "BCF-ch"]
[Site "Brighton"]
[Date "1977.08.17"]
[Round "9"]
[White "Webb, Simon"]
[Black "Neat, Kenneth P"]
[Result "1/2-1/2"]
[WhiteElo "2430"]
[BlackElo "2310"]

1.e4 c5 2.Nf3 e6 3.d4 cxd4 4.Nxd4 Nc6 5.Nb5 d6 6.c4 Nf6 7.N5c3 Be7 8.Be2 O-O
9.O-O b6 10.Bf4 Bb7 11.Bg3 Rc8 12.Nd2 d5 13.cxd5 exd5 14.e5 Ne4 15.Ndxe4 dxe4
16.Bg4 Qxd1 17.Raxd1 Rcd8 18.Rfe1 Rxd1 19.Bxd1 Nb4 20.Nxe4 Nd3 21.Re3 Nxb2
22.Bf3 Nc4 23.Re1 Rd8 24.h4 h6 25.Bg4 Bb4 26.Rb1 Be7 27.Nc3 Bc8 28.Be2 Bf5
29.Ra1 Be6 30.Nb5 Rd2 31.Kf1 Na5 32.a4 Nb3 33.Rd1 Rxd1+ 34.Bxd1 a6 35.Nc7 Bc4+
36.Be2 Bxe2+ 37.Kxe2 Nc5 38.Nd5 Bd8 39.Nc3 Kf8 40.h5 Ke8 41.Ke3  1/2-1/2

[Event "IBM-B"]
[Site "Amsterdam"]
[Date "1977.??.??"]
[Round "11"]
[White "Nikolac, Juraj"]
[Black "Langeweg, Kick"]
[Result "1/2-1/2"]
[WhiteElo "2475"]
[BlackElo "2445"]

1.e4 c5 2.Nf3 e6 3.d4 cxd4 4.Nxd4 Nc6 5.Nb5 d6 6.c4 Nf6 7.N1c3 a6 8.Nd4 Be7
9.Be2 O-O 10.O-O Bd7  1/2-1/2

[Event "HUN-ch"]
[Site "Budapest"]
[Date "1977.??.??"]
[Round "?"]
[White "Perenyi, Bela"]
[Black "Tompa, Janos"]
[Result "0-1"]
[WhiteElo "2270"]
[BlackElo "2410"]

1.e4 c5 2.Nf3 e6 3.d4 cxd4 4.Nxd4 Nc6 5.Nb5 d6 6.Bf4 e5 7.Be3 a6 8.N5c3 Nf6
9.Nd2 b5 10.a4 b4 11.Nd5 Nxd5 12.exd5 Na5 13.Bd3 Be7 14.Qf3 f5 15.Nc4 e4
16.Qd1 Nxc4 17.Bxc4 Qc7 18.Be2 Bf6 19.O-O Bxb2 20.Bd4 Bxa1 21.Bh5+ g6 22.Bxa1 Rf8
23.Be2 Qc5 24.Qd2 Rb8 25.Qf4 Bd7 26.Rd1 Bxa4 27.Bd4 Qc7 28.Ra1 Bb5 29.Bxb5+ Rxb5
30.Rxa6 Rxd5 31.Qe3 Ra5 32.Rxa5 Qxa5 33.h4 Qd5 34.Bg7 Rf7 35.Bh8 Rb7 36.Kh2 Kd7
37.Bf6 Qc4 38.Qh6 Kc6 39.Qf8 Qe6 40.Bd4 Qe7 41.Qc8+ Kd5  0-1

[Event "SVK-ch"]
[Site "Detva"]
[Date "1977.??.??"]
[Round "8"]
[White "Krisko, D."]
[Black "Harasta, Vladimir"]
[Result "0-1"]
[WhiteElo "2290"]
[BlackElo "2180"]

1.e4 c5 2.Nf3 e6 3.d4 cxd4 4.Nxd4 Nc6 5.Nb5 d6 6.c4 Nf6 7.N1c3 a6 8.Na3 Be7
9.Be2 O-O 10.O-O b6 11.Be3 Bb7 12.Rc1 Ne5 13.f4 Ned7 14.Bf3 Rc8 15.Nab1 Rc7
16.Nd2 Qa8 17.Bf2 Rfc8 18.Bh4 Bf8 19.a4 d5 20.e5 Ne8 21.cxd5 exd5 22.Nb3 Nc5
23.Qc2 Nxb3 24.Qxb3 d4 25.Na2 Bxf3 26.gxf3 Rxc1 27.Rxc1 Rxc1+ 28.Nxc1 Qc6
29.Ne2 Qg6+ 30.Kf1 Bc5 31.Bf2 Qb1+ 32.Be1 a5 33.Qb5 Kf8 34.f5 Qxf5 35.Bxa5 Qxf3+
36.Ke1 d3  0-1

[Event "Rubinstein mem"]
[Site "Polanica Zdroj"]
[Date "1977.??.??"]
[Round "17"]
[White "Filipowicz, Andrzej"]
[Black "Torre, Eugenio"]
[Result "1/2-1/2"]
[WhiteElo "2355"]
[BlackElo "2550"]

1.e4 c5 2.Nf3 e6 3.d4 cxd4 4.Nxd4 Nc6 5.Nb5 d6 6.c4 Nf6 7.N1c3 a6 8.Na3 Be7
9.Be2 O-O 10.Be3 b6 11.O-O Bb7 12.Qb3 Nd7 13.Rfd1 Nc5 14.Qc2 Qc7 15.Rac1  1/2-1/2

[Event "Hoogovens-B"]
[Site "Wijk aan Zee"]
[Date "1977.??.??"]
[Round "11"]
[White "Eslon, Jaan"]
[Black "Krnic, Zdenko"]
[Result "1/2-1/2"]
[WhiteElo "2385"]
[BlackElo "2435"]

1.e4 c5 2.Nf3 Nc6 3.d4 cxd4 4.Nxd4 e6 5.Nb5 d6 6.c4 a6 7.Nd4 Nf6 8.Nc3 Be7
9.Be2 O-O 10.O-O Bd7 11.Be3 Rb8 12.Rc1 Qa5 13.Nb3 Qc7 14.f4 Rfd8 15.Bf3 Na5
16.Nd2 Be8 17.Qe1 Nd7 18.b4 Nc6 19.a3 Rdc8 20.Qf2 Qd8 21.Rfd1 Rc7 22.Nb3 Qc8
23.Nd5 exd5 24.cxd5 Nce5 25.fxe5 Nxe5 26.Rxc7 Qxc7 27.Rc1 Qd7 28.Qc2 Bd8
29.Bf2 Bg5 30.Qc7 Qxc7 31.Rxc7 Bd8 32.Rc3 Bd7 33.Bd4 f6 34.Kf2 Rc8 35.Rxc8 Bxc8
36.Be2 Kf7 37.h3 g6 38.Ke3 f5 39.exf5 Bg5+ 40.Kf2 Bxf5 41.Bxe5 dxe5 42.Nc5 b6
43.Nxa6 Bc1 44.a4 Bc2 45.Bb5 Ke7 46.Nb8 Bb3 47.a5 bxa5 48.bxa5 Bxd5 49.a6 Kd6
50.Nd7 Bb2 51.Nf6 Bd4+ 52.Kf1 h6 53.Bd3 g5 54.g4 Be6 55.Ke2 Kc7 56.Kf3 Kb6
57.Ke4 Ka7 58.Nh7 Bd7 59.Kd5 Kb6 60.Nf6 Bc6+ 61.Ke6 e4 62.Bxe4 Bxf6 63.Bxc6 Bd4
64.Bb7 Bf2 65.Kf5 Bh4 66.Kg6 Ka7 67.Kxh6 Kb6 68.Kg6 Ka7 69.Kf6 Kb6 70.Ke6 Ka7
71.Kd7  1/2-1/2

[Event "JUG-ch"]
[Site "Zagreb"]
[Date "1977.??.??"]
[Round "8"]
[White "Karaklajic, Nikola"]
[Black "Hulak, Krunoslav"]
[Result "1-0"]
[WhiteElo "2460"]
[BlackElo "2525"]

1.e4 c5 2.Nf3 e6 3.d4 cxd4 4.Nxd4 Nc6 5.Nb5 d6 6.Bf4 e5 7.Be3 Nf6 8.N1c3 a6
9.Na3 Be6 10.Nc4 b5 11.Nb6 Rb8 12.Nbd5 Ne7 13.Bg5 Bxd5 14.Bxf6 Bc6 15.Bxe7 Bxe7
16.Nd5 Qa5+ 17.c3 b4 18.c4 Bd8 19.b3 Qc5 20.Be2 O-O 21.O-O a5 22.Qd3 Bxd5
23.cxd5 Bg5 24.h4 Bh6 25.Bg4 Rb7 26.Rae1 Rc7 27.Re2 g6 28.g3 Ra8 29.Kg2 a4
30.h5 axb3 31.axb3 Qc3 32.Rd1 Kg7 33.hxg6 hxg6 34.Qb1 Ra3 35.Rd3 Qc5 36.Rf3 Bg5
37.Qh1 Qd4 38.Re1 Ra2 39.Qh3 Bh6 40.Rh1 Qd2 41.Rf4 exf4 42.Qxh6+ Kf6 43.e5+ Kxe5
44.gxf4+  1-0

[Event "IBM-B"]
[Site "Amsterdam"]
[Date "1978.??.??"]
[Round "12"]
[White "Rodriguez, Amador"]
[Black "Kirov, Nino"]
[Result "1/2-1/2"]
[WhiteElo "2470"]
[BlackElo "2465"]

1.e4 c5 2.Nf3 Nc6 3.d4 cxd4 4.Nxd4 e6 5.Nb5 d6 6.c4 Nf6 7.N5c3 Be7 8.Be2 O-O
9.O-O b6 10.Bf4 Bb7 11.Re1 a6 12.Nd2 Ne5 13.Rc1 Rc8 14.a3 Nfd7 15.b4 Bg5
16.Bxg5 Qxg5  1/2-1/2

[Event "ARG-ch"]
[Site "Buenos Aires"]
[Date "1978.??.??"]
[Round "?"]
[White "Garcia, Horacio"]
[Black "Bielicki, Carlos"]
[Result "1/2-1/2"]
[WhiteElo "2350"]
[BlackElo "2245"]

1.e4 c5 2.Nf3 e6 3.d4 cxd4 4.Nxd4 Nc6 5.Nb5 d6 6.c4 Nf6 7.N1c3 a6 8.Na3 Be7
9.Be2 O-O 10.O-O b6 11.Be3 Bb7 12.Qd2 Re8 13.Rfd1 Bf8 14.Rac1 Ne5 15.f3 Rc8
16.Kh1 h6 17.Qd4 Ned7 18.Nc2 Qc7 19.Qd2 Qb8 20.Bf1 Qa8 21.Nd4 Ne5 22.Na4 Ned7
23.Qf2 d5 24.exd5 exd5 25.Nf5 Re5 26.Ng3 dxc4 27.Nxb6 Nxb6 28.Bxb6 Bd5 29.Bd4 Re6
30.Nf5 Ne8 31.Ne3 Rg6 32.Nxd5 Qxd5 33.Bxg7 Qxd1 34.Rxd1 Bxg7 35.g3 Rgc6 36.Bh3 Rb8
37.Qe2 Nf6 38.Qe5 Rcb6 39.Bf1 Ng4 40.Qxb8+ Rxb8 41.fxg4 Rc8  1/2-1/2

[Event "Buenos Aires ol (Men)"]
[Site "Buenos Aires"]
[Date "1978.??.??"]
[Round "?"]
[White "Ljubojevic, Ljubomir"]
[Black "Bronstein, Luis"]
[Result "1-0"]
[WhiteElo "2605"]
[BlackElo "2400"]

1.e4 c5 2.Nf3 Nc6 3.d4 cxd4 4.Nxd4 e6 5.Nb5 d6 6.c4 Nf6 7.N5c3 Be7 8.Be2 O-O
9.O-O b6 10.Bf4 Bb7 11.Nd2 Rc8 12.Re1 Rc7 13.Bf1 Rd7 14.a3 Qa8 15.Rc1 Ne5
16.Bg3 Ng6 17.Qe2 Rc8 18.f4 Rdd8 19.Kh1 h5 20.Nf3 Re8 21.h3 Ba6 22.b3 d5
23.e5 Ne4 24.Nxe4 dxe4 25.Nd2 h4 26.Bh2 Bb7 27.b4 a5 28.Rb1 axb4 29.axb4 Qa3
30.Nxe4 Bxe4 31.Qxe4 Bxb4 32.Re3 Qa5 33.f5 exf5 34.Qxf5 Bd2 35.Rd3 Rcd8 36.Rb5 Qa1
37.Rxd8 Rxd8 38.Rxb6 Qa7 39.Rd6 Qe7 40.c5 Bb4 41.Bc4 Re8 42.Qxg6  1-0